CO ZABIERAMY DO SZKOŁY/PRACY NA DRUGIE ŚNIADANIE? - Statystyki

Ogólne statystyki
  • Ten quiz został rozwiązany 73 razy
  • Średni wynik to 2 z 7
Statystyki odpowiedzi
Odpowiedź % Poprawnych
KANAPKI
91%
JABŁKO
47%
JOGURT
43%
BANANA
24%
SAŁATKĘ
24%
DROŻDŻÓWKĘ
14%
POMIDORKI
0%
Nie znaleziono quizów pasujących do podanych kryteriów
Rozkład punktacji
Procent ludzi z każdym wynikiem
Percentyl według liczby udzielonych odpowiedzi
Twoja historia wyników
Nie rozwiązałeś tego quizu